000 00770cam a2200253 i 4500
999 _c1467
_d1467
001 3651325
003 OSt
005 20220414112424.0
008 760318s1977 enka b 001 0 eng
010 _a 76009080
020 _a0407001212
040 _aDLC
_cDLC
_dDLC
050 0 0 _aRJ51.R3
_bG6
082 0 0 _aWN240 G653d 1977
100 1 _aGordon, Ian Ronald Simson; Ross, Francis George Mabyn
_93873
245 1 0 _aDiagnostic Radiology in Paediatrics
260 _aLondon ;
_bButterworths,
_c1977.
300 _axii, 384 p. :
_bill. ;
_c29 cm.
440 0 _aPostgraduate paediatrics series
_93874
504 _aIncludes bibliographies and index.
650 0 _aPediatric radiology.
_93875
906 _a7
_bcbc
_corignew
_d1
_eocip
_f19
_gy-gencatlg
942 _2z
_cSLOAN